Strength of Materials (Record no. 6164)

000 -LEADER
fixed length control field 00468nam a22001937a 4500
001 - CONTROL NUMBER
control field 6164
003 - CONTROL NUMBER IDENTIFIER
control field BD-DhUET
008 - FIXED-LENGTH DATA ELEMENTS--GENERAL INFORMATION
fixed length control field 141130b xxu||||| |||| 00| 0 eng d
040 ## - CATALOGING SOURCE
Original cataloging agency DLC
Transcribing agency DLC
Modifying agency BD-DhUET
082 ## - DEWEY DECIMAL CLASSIFICATION NUMBER
Classification number 620.11
Item number KHU/1984
100 ## - MAIN ENTRY--PERSONAL NAME
Personal name Khurmi, R. S.
245 ## - TITLE STATEMENT
Title Strength of Materials
250 ## - EDITION STATEMENT
Edition statement 14th ed.
260 ## - PUBLICATION, DISTRIBUTION, ETC. (IMPRINT)
Place of publication, distribution, etc. New Delhi
Name of publisher, distributor, etc. S. Chand
Date of publication, distribution, etc. 1984
300 ## - PHYSICAL DESCRIPTION
Extent vi, 991 p.
Other physical details ill.
650 #0 - SUBJECT ADDED ENTRY--TOPICAL TERM
Topical term or geographic name as entry element Strength of materials
700 ## - ADDED ENTRY--PERSONAL NAME
Personal name Lal, Jagdish
942 ## - ADDED ENTRY ELEMENTS (KOHA)
Koha item type General Book
Holdings
Date acquired Location (home branch) Damaged status Koha normalized classification for sorting Sublocation or collection (holding branch) Koha item type Koha full call number Not for loan Withdrawn status Lost status Shelving location Price effective from Piece designation (barcode) Source of classification or shelving scheme Copy number Koha date last seen
2014-11-30Central Library, BUET 620_110000000000000_KHU_1984Central Library, BUETGeneral Book620.11/KHU/1984   Circulation section2014-11-3058300 12014-11-30
2014-12-04Central Library, BUET 620_110000000000000_KHU_1984Central Library, BUETGeneral Book620.11/KHU/1984   Circulation section2014-12-0458299 22014-12-04
2014-12-04Central Library, BUET 620_110000000000000_KHU_1984Central Library, BUETGeneral Book620.11/KHU/1984   Circulation section2014-12-0458304 32017-01-25
2014-12-06Central Library, BUET 620_110000000000000_KHU_1984Central Library, BUETGeneral Book620.11/KHU/1984   Circulation section2014-12-0658293 42014-12-06
2014-12-06Central Library, BUET 620_110000000000000_KHU_1984Central Library, BUETGeneral Book620.11/KHU/1984   Circulation section2014-12-0639805 52014-12-06
2015-04-30Central Library, BUET 620_110000000000000_KHU_1984Central Library, BUETGeneral Book620.11/KHU/1984   Circulation section2015-04-3058305 62015-04-30
2015-04-30Central Library, BUET 620_110000000000000_KHU_1984Central Library, BUETGeneral Book620.11/KHU/1984   Circulation section2015-04-3058303 72015-04-30
2015-06-20Central Library, BUET 620_110000000000000_KHU_1984Central Library, BUETReading Item620.11/KHU/1984   Reading section2015-06-2058306 82015-06-20
2015-06-28Central Library, BUET 620_110000000000000_KHU_1984Central Library, BUETReading Item620.11/KHU/1984   Reading section2015-06-2858297 112015-06-28
2015-06-28Central Library, BUET 620_110000000000000_KHU_1984Central Library, BUETReading Item620.11/KHU/1984   Reading section2015-06-2858298 102015-06-28
2015-06-28Central Library, BUET 620_110000000000000_KHU_1984Central Library, BUETReading Item620.11/KHU/1984   Reading section2015-06-2858301 112015-06-28
2015-06-30Central Library, BUET 620_110000000000000_KHU_1984Central Library, BUETReading Item620.11/KHU/1984   Reading section2015-06-3058296 122015-06-30
2015-06-30Central Library, BUET 620_110000000000000_KHU_1984Central Library, BUETReading Item620.11/KHU/1984   Reading section2015-06-3058295 132015-06-30
2015-07-02Central Library, BUET 620_110000000000000_KHU_1984Central Library, BUETReading Item620.11/KHU/1984   Reading section2015-07-0258302 142015-07-02